000 00383nam a2200145Ia 4500
005 20250612023102.0
008 240331s9999 xx 000 0 und d
082 _bJAY
_a322
100 _aJayawardane, Kumari
245 0 _aKaralikara Bhikshuhu
260 _acolombo
_bCentre for Society & Religion
300 _a22 p .,( c 2)
500 _aA book on Rebellious the monks
942 _cL
999 _c2354
_d2354